Ce Pokémon existe-t-il ? - Statistiques

Statistiques générales
  • Ce quiz a été pris 54 fois
  • Le résultat moyen est 12 sur 15
Statistiques - réponses
Question Réponse % Correct
Qui existe ? Simularbre
92%
Qui existe ? Tarinorme
92%
Qui existe ? Motisma
90%
Qui existe ? Corvaillus
88%
Qui existe ? Scovilain
85%
Qui existe ? Candine
83%
Qui existe ? Roublenard
83%
Qui existe ? Magerna
81%
Qui existe ? Mastouffe
81%
Qui existe ? Sonistrelle
81%
Qui existe ? Brouhabam
77%
Qui existe ? Voltoutou
77%
Qui existe ? Pohm
75%
Qui existe ? Delcatty
67%
Qui existe ? Diancie
65%
Aucun quiz correspondant
Distribution des résultats
% des personnes avec chaque résultat
Percentile par nombre de réponses
Votre historique - résultats
Vous n’avez pas pris ce quiz